00555nam a2200193 a 450000100060000000300080000600500170001400800410003103500190007203500120009104000270010304100080013008200210013810000210015924500990018026000330027930000200031260000290033242928BD-RjUL20211209053622.01606 s1957 ne 0 eng d a(BD-RjUL)43046 a2320060 aANLbengdANLcBD-RjUL aeng0 a330.15bCOP 19571 aCropsey, Joseph,10aPolity and economy :ban interpretation of the principles of Adam Smith /cby Joseph Cropsey,  aThe Hague :bNijhoff,c1957. a101 p.;c21 cm.10aSmith, Adam,d1723-1790.